| 000 | 00365nam a2200121Ia 4500 | ||
|---|---|---|---|
| 008 | 241015s9999 xx 000 0 und d | ||
| 041 | _aeng | ||
| 082 | _a771 JAY | ||
| 100 | _aJayaraman | ||
| 245 | _aClearing The Digital Blur : How Organizations Can Transform Themselves At The Speed Of Digital | ||
| 260 |
_bWiley India _aNew Delhi _c2019 |
||
| 300 | _a340;. P. 25 cm | ||
| 999 |
_c41830 _d41830 |
||